Rušňoparáda opäť bavila malých aj veľkých, so starým vlakom sa rozlúčili krájaním torty ukázali aj posledný opravený normálne rozchodný parný rušeň

Bibliographic Details
Main Author: Lehotský, Ľubomír, 1974- (Author)
Format: Article
Language:Slovak
PhysicalDescription:Fotografie
ISSN:2585-7355
Subjects:
Online Access:https://kosice.korzar.sme.sk/c/23335286/rusnoparada-bavila-malych-aj-velkych-so-starym-vlakom-sa-rozlucili-krajanim-torty.html

MARC

LEADER 00000nab a2200000u 4500
001 vtls012257006
003 SK-MaSNL
005 20260304195509.0
008 240528|20240527xo ||||||| || ||slo|
038 |a KEVKJB 
040 |a KEVKJB  |b slo  |e rda 
041 0 |a slo 
043 |a e-xo--- 
044 |a xo  |c SK 
072 7 |a 656.2  |x Železničná doprava  |2 konspekt 
080 |a 656.2  |2 2011 
100 1 |a Lehotský, Ľubomír,  |d 1974-  |4 aut  |9 88132 
245 1 0 |a Rušňoparáda opäť bavila malých aj veľkých, so starým vlakom sa rozlúčili krájaním torty  |b ukázali aj posledný opravený normálne rozchodný parný rušeň  |c Ľubomír Lehotský 
300 |b Fotografie 
336 |a text  |b txt  |2 rdacontent 
337 |a bez média  |b n  |2 rdamedia 
338 |a zväzok  |b nc  |2 rdacarrier 
610 2 7 |a Rušňové depo (Košice, Slovensko)  |2 kevkjb  |9 30048 
611 2 7 |a Rušňoparáda  |n (21. :  |d 2024 :  |c Košice, Slovensko)  |2 kevkjb  |9 1530300 
650 0 7 |a železničná doprava  |2 SNKPH  |9 3185 
651 7 |a Košice (Slovensko)  |2 SNKPHgeo  |9 18694 
773 0 |t Korzár - SME  |g Roč. XXVII., č. 101 (27.5.2024), s. 8  |x 2585-7355 
852 |a KEVKJB  |b KIS3GCP 
856 4 1 |u https://kosice.korzar.sme.sk/c/23335286/rusnoparada-bavila-malych-aj-velkych-so-starym-vlakom-sa-rozlucili-krajanim-torty.html 
999 |c 3081816  |d 3083746